[Event "Indywidualne Mistrzostwa Polski Juniorow Mlodszych do 14 lat OOM Podlaskie 2015 "]
[Site "Suwalki"]
[Date "1899-12-30"]
[Round "6.3"]
[White "Kowalski, Igor"]
[Black "Kosakowski, Jakub"]
[Result "1/2-1/2"]
[WhiteTitle "k"]
[BlackTitle "k"]
[WhiteElo "2084"]
[BlackElo "2186"]

1. e4 c5 2. Nf3 d6 3. Bb5+ Nd7 4. d4 cxd4 5. Qxd4 a6 6. Bxd7+ Bxd7 7. O-O e5 8.
Qd3 Rc8 9. b3 Nf6 10. c4 b5 11. Na3 Qb6 12. Bb2 Be7 13. Nd2 O-O 14. Nc2 Be6 15.
Ne3 Nd7 16. Nd5 Bxd5 17. cxd5 Bg5 18. Nf3 Bh6 19. Bc1 Bxc1 20. Raxc1 Rc7 21. Rc3
Rfc8 22. Rfc1 Nf6 23. Rxc7 Rxc7 24. Rxc7 Qxc7 25. Qe2 Qc1+ 26. Ne1 Nd7 27. f3
f5 28. g3 fxe4 29. fxe4 Nf6 30. Kg2 Kf7 31. Nd3 Qc3 32. Nf2 h6 33. Ng4 Qc8 34.
Nxf6 Kxf6 35. Qf3+ Ke7 36. Qf2 Qg4 37. Qc2 Qd7 38. h3 Kd8 39. b4 Ke7 40. g4 Kd8
41. Qf2 Ke7 1/2-1/2

[Event "Indywidualne Mistrzostwa Polski Juniorow Mlodszych do 14 lat OOM Podlaskie 2015 "]
[Site "Suwalki"]
[Date "1899-12-30"]
[Round "6.4"]
[White "Garbowski, Jakub"]
[Black "Psyk, Radoslaw"]
[Result "0-1"]
[WhiteTitle "I+"]
[BlackTitle "k"]
[WhiteElo "1964"]
[BlackElo "2230"]

1. e4 c5 2. Nf3 e6 3. d4 cxd4 4. Nxd4 a6 5. Be2 Qc7 6. O-O b5 7. a4 b4 8. c3 Bb7
9. f3 Bd6 10. Kh1 Bxh2 11. f4 Bg3 12. Qd3 Bh4 13. cxb4 Be7 14. Nc3 Bxb4 15. Bf3
d6 16. Bd2 Qd8 17. e5 Bxf3 18. Nxf3 Nc6 19. Ne4 d5 20. Ng3 Bxd2 21. Qxd2 Nge7
22. b4 O-O 23. Rfb1 Qb6 24. Ne2 Rfb8 25. Ned4 Nxb4 26. Rb3 a5 27. Rc1 Rc8 28.
Rbc3 Rxc3 29. Rxc3 Qd8 30. Nb5 Nf5 31. Qf2 h6 32. Nfd4 Nxd4 33. Qxd4 Rc8 34. Rxc8
Qxc8 35. Kg1 Qc1+ 36. Kf2 Qc2+ 37. Kf3 Qxa4 0-1

[Event "Indywidualne Mistrzostwa Polski Juniorow Mlodszych do 14 lat OOM Podlaskie 2015 "]
[Site "Suwalki"]
[Date "1899-12-30"]
[Round "6.5"]
[White "Wyczling, Bartosz"]
[Black "Lukasiewicz, Krzysztof"]
[Result "1-0"]
[WhiteTitle "I"]
[BlackTitle "I++"]
[WhiteElo "1926"]
[BlackElo "2079"]

1. d4 Nf6 2. c4 e6 3. Nc3 Bb4 4. Qc2 O-O 5. e4 c5 6. e5 cxd4 7. a3 dxc3 8. axb4
Ne8 9. Qxc3 d6 10. Be3 b6 11. Nf3 dxe5 12. Nxe5 Bb7 13. c5 bxc5 14. Bxc5 Nf6 15.
Rd1 Nd5 16. Bxf8 Qxf8 17. Qc5 Na6 18. Qxf8+ Kxf8 19. Nd7+ Ke7 20. Nc5 Nxc5 21.
bxc5 Rc8 22. Rc1 Nf4 23. f3 Bc6 24. Ra1 Rc7 25. b4 Rb7 26. Ra6 Kd7 27. g3 Nd5
28. b5 Bxb5 29. Bxb5+ Rxb5 30. Rxa7+ Kc6 31. O-O Rb7 32. Rfa1 Nc7 33. Rxb7 Kxb7
34. Ra4 e5 35. f4 Ne6 36. fxe5 Kc6 37. Ra7 Kxc5 38. Rxf7 Kd5 39. Ra7 Kxe5 40.
Ra4 Kf6 41. Ra5 Kg6 42. Kg2 Kf6 43. Kf3 Kg6 44. g4 h6 45. h4 Kf6 46. Ke4 Nf8 47.
Ra6+ Kf7 48. Kf5 g6+ 49. Kf4 Ke7 50. Ke4 Kf7 51. Ra7+ Kf6 52. Ra6+ Kf7 53. Kf4
Ke7 54. h5 Kf7 55. Ra7+ Kf6 56. Ra6+ Kf7 57. Ke4 Kg7 58. Rd6 Kf7 59. Ke5 Kg7 60.
Ke4 Kf7 61. Kd5 Kg7 62. Ke5 Kf7 63. g5 hxg5 64. h6 g4 65. Kf4 Kg8 66. Kxg4 Kf7
67. Kg5 Nh7+ 68. Kf4 Nf6 69. Ra6 Nh7 70. Ra7+ Kg8 71. Rg7+ Kh8 72. Ra7 Kg8 73.
Ke5 Nf8 74. Kf6 Nh7+ 75. Kxg6 Nf8+ 76. Kf5 Nh7 77. Rg7+ Kh8 78. Rf7 Kg8 79. Kg6
Ng5 80. h7+ 1-0

[Event "Indywidualne Mistrzostwa Polski Juniorow Mlodszych do 14 lat OOM Podlaskie 2015 "]
[Site "Suwalki"]
[Date "1899-12-30"]
[Round "6.6"]
[White "Lis, Mateusz"]
[Black "Sernecki, Franciszek"]
[Result "1-0"]
[WhiteTitle "I"]
[BlackTitle "I"]
[WhiteElo "1926"]
[BlackElo "1998"]

1. e4 c5 2. Nf3 Nc6 3. d4 cxd4 4. Nxd4 g6 5. c4 Nf6 6. Nc3 Nxd4 7. Qxd4 d6 8. Bg5
Bg7 9. Qd2 O-O 10. Bd3 b6 11. O-O Bb7 12. Rac1 Re8 13. f3 Nd7 14. Rfd1 a5 15.
Nb5 Nc5 16. Bf1 Ne6 17. Be3 Rc8 18. Qf2 Nc5 19. b3 Bc6 20. Nd4 Qc7 21. Rb1 Ra8
22. Qg3 Be5 23. Qf2 Bg7 24. a3 Reb8 25. g4 Ne6 26. Nxe6 fxe6 27. Qg3 Rf8 28. Bh3
Rab8 29. g5 Bd7 30. Kh1 e5 31. Bxd7 Qxd7 32. Rd2 Qe6 33. h4 a4 34. Qg4 Qc8 35.
Qxc8 Rfxc8 36. bxa4 Rxc4 37. a5 Rc3 38. Re2 b5 39. a4 b4 40. a6 b3 41. a7 Ra8
42. Kg2 Rxe3 43. Rxe3 Rxa7 44. Rexb3 Rxa4 45. Kf2 h5 46. R1b2 Ra7 47. Rb7 Rxb7
48. Rxb7 Kf7 49. Ke3 Ke6 50. Kd3 Kf7 51. Kc4 Ke6 52. Kb5 Kf7 53. Kc6 Ke8 54. Rb8+
Kf7 55. Kd7 e6 56. Kxd6 1-0

[Event "Indywidualne Mistrzostwa Polski Juniorow Mlodszych do 14 lat OOM Podlaskie 2015 "]
[Site "Suwalki"]
[Date "1899-12-30"]
[Round "6.7"]
[White "Godzwon, Iwo"]
[Black "Nowak, Mikolaj"]
[Result "0-1"]
[WhiteTitle "I"]
[BlackTitle "I"]
[WhiteElo "1801"]
[BlackElo "1939"]

1. e4 e5 2. Nf3 Nc6 3. Bb5 Nf6 4. d3 Bc5 5. O-O d6 6. Bg5 h6 7. Bh4 g5 8. Bg3 Bg4
9. Bxc6+ bxc6 10. c3 Bb6 11. Nbd2 Qd7 12. a4 a6 13. Qc2 h5 14. h4 Bxf3 15. Nxf3
Qg4 16. Kh2 gxh4 17. Nxh4 O-O-O 18. b4 Rdg8 19. c4 Bd4 20. Rab1 Qg5 21. b5 Ng4+
22. Kg1 Nh6 23. Kh1 f5 24. Nf3 Qg6 25. Nxd4 h4 26. bxc6 hxg3 27. Rb8+ Kxb8 28.
Qb2+ Kc8 29. Qb7+ Kd8 30. Qb8+ Ke7 31. Qxc7+ Kf8 32. Qd8+ Kg7 33. Qe7+ Nf7+ 34.
Kg1 Rh1+ 0-1

[Event "Indywidualne Mistrzostwa Polski Juniorow Mlodszych do 14 lat OOM Podlaskie 2015 "]
[Site "Suwalki"]
[Date "1899-12-30"]
[Round "6.8"]
[White "Poplawski, Maciej"]
[Black "Miszkielo, Bartosz"]
[Result "1-0"]
[WhiteTitle "I"]
[BlackTitle "I"]
[WhiteElo "1737"]
[BlackElo "1823"]

1. d4 Nf6 2. Nf3 c5 3. c3 cxd4 4. cxd4 d5 5. Nc3 g6 6. Bf4 Nc6 7. g3 Bg7 8. Bg2
O-O 9. Ne5 Nh5 10. Nxc6 bxc6 11. Qd2 Nxf4 12. gxf4 Be6 13. Na4 Rb8 14. O-O Qc8
15. f3 Rd8 16. Nc5 Bf5 17. Rac1 Bf6 18. b3 Kh8 19. Kh1 h5 20. Rfd1 Bg7 21. e3
Kh7 22. Bf1 Kh8 23. Qa5 Rd6 24. Qxa7 Ra8 25. Qxe7 Bf8 26. Qxf7 Rxa2 27. Ra1 Rf2
28. Ra7 g5 29. Bd3 Bxd3 30. Nxd3 1-0

[Event "Indywidualne Mistrzostwa Polski Juniorow Mlodszych do 14 lat OOM Podlaskie 2015 "]
[Site "Suwalki"]
[Date "1899-12-30"]
[Round "6.9"]
[White "Pacan-milej, Kosma"]
[Black "Kaminski, Maciej"]
[Result "1-0"]
[WhiteTitle "I"]
[BlackTitle "II+"]
[WhiteElo "1842"]
[BlackElo "1600"]

1. d4 Nf6 2. c4 e6 3. Nf3 Bb4+ 4. Bd2 Qe7 5. g3 b6 6. Bg2 Bb7 7. O-O Bxd2 8. Qxd2
d6 9. Re1 Nbd7 10. Qc2 O-O 11. e4 e5 12. Nc3 Rfe8 13. Rad1 a5 14. a3 Rad8 15.
Nd5 Nxd5 16. exd5 Qf6 17. Qe4 Qg6 18. dxe5 Nxe5 19. Nxe5 Rxe5 20. Qxg6 Rxe1+ 21.
Rxe1 hxg6 22. Re7 Rc8 23. Bh3 f5 24. g4 Kf8 25. Rd7 fxg4 26. Bxg4 Ba6 27. Be6
Ke8 28. Rxg7 Rd8 29. Rxc7 Kf8 30. b3 b5 31. Ra7 bxc4 32. Rxa6 cxb3 33. Rb6 a4
34. Kf1 Ke7 35. Ke2 Rh8 36. Rb4 Kf6 37. Bd7 Ra8 38. Bc6 Ra5 39. Rxa4 b2 40. Rb4
Rxa3 41. Rxb2 Rh3 42. Rb8 Ke5 43. Re8+ Kf4 44. Re6 g5 45. Rxd6 Rxh2 46. Rf6+ Ke5
47. Re6+ Kf5 48. Re3 g4 49. d6 g3 50. Rxg3 Rh8 51. Re3 Kf6 52. d7 1-0

[Event "Indywidualne Mistrzostwa Polski Juniorow Mlodszych do 14 lat OOM Podlaskie 2015 "]
[Site "Suwalki"]
[Date "1899-12-30"]
[Round "6.10"]
[White "Laszczak, Przemyslaw"]
[Black "Leskiewicz, Ignacy"]
[Result "0-1"]
[WhiteTitle "I"]
[BlackTitle "I"]
[WhiteElo "1930"]
[BlackElo "1692"]

1. d4 Nf6 2. c4 g6 3. Nc3 Bg7 4. e4 d6 5. Nf3 O-O 6. Be2 e5 7. O-O Nc6 8. d5 Ne7
9. Ne1 Nd7 10. Be3 f5 11. f3 f4 12. Bf2 g5 13. Rc1 Ng6 14. c5 Nf6 15. cxd6 cxd6
16. Nb5 Rf7 17. Nxa7 h5 18. Qc2 Bd7 19. Qc7 Qxc7 20. Rxc7 Be8 21. Rxf7 Kxf7 22.
Nc2 g4 23. Na3 g3 24. hxg3 fxg3 25. Be3 Nf4 26. Bb5 Bh6 27. Bxe8+ Nxe8 28. Bb6
h4 29. b3 Kg6 30. Nc4 h3 31. gxh3 Kh5 32. Ne3 Kh4 33. Ng2+ Kxh3 34. Nxf4+ Bxf4
35. a4 g2 36. Rb1 Bh2+ 37. Kf2 g1=Q+ 38. Rxg1 Bxg1+ 39. Kxg1 Kg3 40. Nb5 Kxf3
41. Nc3 Rc8 42. Ba5 Nf6 43. Bb4 Nxe4 44. Nxe4 Kxe4 45. Bxd6 Rc2 46. b4 Kxd5 47.
Bf8 Kc4 48. a5 e4 49. Kf1 Rb2 50. Bd6 Rxb4 51. Bxb4 Kxb4 52. a6 bxa6 0-1

[Event "Indywidualne Mistrzostwa Polski Juniorow Mlodszych do 14 lat OOM Podlaskie 2015 "]
[Site "Suwalki"]
[Date "1899-12-30"]
[Round "6.11"]
[White "Jarzebowski, Kacper"]
[Black "Ochowicz, Jakub"]
[Result "1/2-1/2"]
[WhiteTitle "I"]
[BlackTitle "I"]
[WhiteElo "1660"]
[BlackElo "1927"]

1. e4 c5 2. Nf3 d6 3. Bb5+ Nc6 4. d4 cxd4 5. Nxd4 Bd7 6. Nc3 Nf6 7. O-O a6 8. Bxc6
bxc6 9. h3 e5 10. Nb3 Be7 11. Be3 Be6 12. Qe2 O-O 13. Rad1 Qc7 14. f4 exf4 15.
Bxf4 Nd7 16. Kh1 Ne5 17. Nd2 f6 18. b3 a5 19. Nf3 Bc8 20. Qf2 Ba6 21. Rfe1 Qb7
22. Nd4 Rf7 23. Nf5 Rd8 24. Qg3 Kh8 25. Rd4 g6 26. Nxe7 Qxe7 27. Red1 Qc7 28.
Qe3 Rfd7 29. Qf2 Kg7 30. R4d2 Qb7 31. Ne2 Bxe2 32. Qxe2 h5 33. Qf2 Qb4 34. Rd4
Qc3 35. Qd2 Qxd2 36. Bxd2 c5 37. Rd5 Kf7 38. Bxa5 Ra8 39. Bc3 Rxa2 40. Bxe5 fxe5
41. Rxc5 dxc5 42. Rxd7+ Ke6 43. Rd2 c4 44. bxc4 Ra4 45. Kg1 Rxc4 46. Re2 h4 47.
Kf2 Kf6 48. Ke3 Ke6 49. Kd3 Rd4+ 1/2-1/2

[Event "Indywidualne Mistrzostwa Polski Juniorow Mlodszych do 14 lat OOM Podlaskie 2015 "]
[Site "Suwalki"]
[Date "1899-12-30"]
[Round "6.12"]
[White "Wierzbicki, Michal"]
[Black "Gaj, Szymon"]
[Result "1-0"]
[WhiteTitle "I"]
[BlackTitle "I"]
[WhiteElo "1687"]
[BlackElo "1884"]

1. d4 g6 2. Nf3 Bg7 3. c4 c5 4. e3 cxd4 5. exd4 Nf6 6. Nc3 O-O 7. Bg5 Qa5 8. Qd2
d6 9. h3 Nbd7 10. Be2 b6 11. O-O d5 12. Nxd5 Nxd5 13. Qxa5 bxa5 14. cxd5 Nf6 15.
Bxf6 Bxf6 16. Rac1 Rb8 17. b3 a4 18. Bc4 axb3 19. Bxb3 Bb7 20. Rc5 Rfd8 21. Rfc1
Rd6 22. Rb5 Rb6 23. Rxb6 axb6 24. Rc7 Ba8 25. d6 Bxf3 26. gxf3 e6 27. d5 e5 28.
d7 Rd8 29. Ba4 Be7 30. Rc8 f5 31. Kf1 Kf7 32. Ke2 Bh4 33. Kd3 Ke7 34. Kc4 g5 35.
d6+ Kxd6 36. Rxd8 g4 37. Rh8 1-0

[Event "Indywidualne Mistrzostwa Polski Juniorow Mlodszych do 14 lat OOM Podlaskie 2015 "]
[Site "Suwalki"]
[Date "1899-12-30"]
[Round "6.13"]
[White "Pytel, Maciej"]
[Black "Polczyk, Mikolaj"]
[Result "0-1"]
[WhiteTitle "I"]
[BlackTitle "I"]
[WhiteElo "1821"]
[BlackElo "1571"]

1. e4 d5 2. exd5 Nf6 3. d4 Bg4 4. Be2 Bxe2 5. Nxe2 Qxd5 6. O-O Nc6 7. h3 O-O-O
8. Be3 e5 9. Nbc3 Qa5 10. Qd3 exd4 11. Nxd4 Nxd4 12. Bxd4 Bd6 13. Kh1 Qg5 14.
Qf3 Qf4 15. Qxf4 Bxf4 16. Bxf6 gxf6 17. Rad1 Be5 18. Nd5 Bxb2 19. Ne7+ Kb8 20.
Rb1 Rhe8 21. Rfe1 Bc3 22. Nc6+ Ka8 23. Nxd8 Bxe1 24. f3 Bg3 25. Rd1 Kb8 26. Nxf7
Bf4 27. Rd8+ Rxd8 28. Nxd8 Kc8 29. Ne6 Be3 30. f4 Kd7 31. f5 b5 32. g4 Kd6 33.
Kg2 c5 34. Kf3 Bc1 35. Ke4 h6 36. Ng7 Bg5 37. Nh5 a5 38. Ng3 a4 39. Ne2 b4 40.
Ng1 a3 41. Ne2 Kc6 42. c4 b3 43. Nc3 Bd2 0-1

[Event "Indywidualne Mistrzostwa Polski Juniorow Mlodszych do 14 lat OOM Podlaskie 2015 "]
[Site "Suwalki"]
[Date "1899-12-30"]
[Round "6.14"]
[White "Ulatowski, Jakub"]
[Black "Kubiak, Jakub"]
[Result "0-1"]
[WhiteTitle "II"]
[BlackTitle "I"]
[WhiteElo "1511"]
[BlackElo "1753"]

1. e4 c5 2. Nf3 d6 3. d4 cxd4 4. Nxd4 Nf6 5. Nc3 a6 6. Be3 e5 7. Nb3 Be7 8. f3
Be6 9. Qd2 O-O 10. O-O-O a5 11. Bb5 Na6 12. Qf2 Qb8 13. Ba4 Rc8 14. Bb6 Nc7 15.
Kb1 d5 16. exd5 Ncxd5 17. Nxd5 Nxd5 18. Rxd5 Bxd5 19. Bd7 a4 20. Na5 Rc7 21. Bxa4
Bb4 22. Bb3 Rd7 23. Nc4 Bxc4 24. Bxc4 Rd2 25. Qf1 Qe8 26. Bd3 Qe6 27. a3 Qxb6
28. axb4 Qxb4 29. Qe1 Qa5 30. Kc1 Rxg2 31. Qxa5 Rxa5 32. Kb1 g6 33. b3 f5 34.
h4 Rf2 35. Rf1 Rxf1+ 36. Bxf1 Kg7 37. Kb2 Kh6 38. b4 Ra8 39. c4 Kh5 0-1

[Event "Indywidualne Mistrzostwa Polski Juniorow Mlodszych do 14 lat OOM Podlaskie 2015 "]
[Site "Suwalki"]
[Date "1899-12-30"]
[Round "6.15"]
[White "Kokoszczynski, Jan"]
[Black "Brozyna, Mateusz"]
[Result "1/2-1/2"]
[WhiteTitle "I+"]
[BlackTitle "II"]
[WhiteElo "1906"]
[BlackElo "1641"]

1. e4 c5 2. Nf3 e6 3. d4 cxd4 4. Nxd4 Nf6 5. Nc3 Nc6 6. Be3 Bb4 7. f3 d5 8. Nxc6
bxc6 9. e5 Nd7 10. f4 c5 11. Bd2 O-O 12. Bd3 a5 13. O-O Bxc3 14. bxc3 Ba6 15.
Rb1 Bxd3 16. cxd3 Qc7 17. Qc2 Qc6 18. Rb2 Rfb8 19. Rfb1 g6 20. Rxb8+ Rxb8 21.
Rxb8+ Nxb8 22. Qb1 Nd7 23. h3 Qb6 24. Qxb6 Nxb6 25. Kf2 Kf8 26. Ke2 Ke8 27. Be3
Na4 28. Kd2 Kd7 29. Kc2 Kc6 30. Bf2 Kb5 31. Bh4 Nb6 32. Bf2 Na4 33. Bh4 Nb6 34.
Bf2 Na4 35. Bh4 Nb6 36. Bf2 Na4 37. Bh4 Nb6 38. Bf2 Na4 39. Bh4 Nb6 40. Bf2 Na4
41. Bh4 1/2-1/2

[Event "Indywidualne Mistrzostwa Polski Juniorow Mlodszych do 14 lat OOM Podlaskie 2015 "]
[Site "Suwalki"]
[Date "1899-12-30"]
[Round "6.16"]
[White "Jagura, Norbert"]
[Black "Fus, Jakub"]
[Result "1-0"]
[WhiteTitle "II"]
[BlackTitle "II+"]
[WhiteElo "1387"]
[BlackElo "1821"]

1. c4 e5 2. Nc3 Bb4 3. Nd5 Bc5 4. b4 Be7 5. Bb2 d6 6. Nf3 c6 7. Nxe7 Nxe7 8. g3
O-O 9. Bg2 f6 10. O-O Be6 11. Qc2 Nd7 12. d4 Qc7 13. Rfd1 Rad8 14. e4 Bf7 15.
Rac1 c5 16. bxc5 dxc5 17. d5 Nc8 18. Bc3 Nd6 19. Nd2 Be8 20. Rf1 a6 21. f4 b5
22. fxe5 fxe5 23. Rxf8+ Kxf8 24. cxb5 Nxb5 25. Nc4 Nd4 26. Qf2+ Kg8 27. Ba5 Qb8
28. Bxd8 Qxd8 29. Rf1 Bh5 30. g4 Bxg4 31. Qf7+ Kh8 32. Nxe5 1-0

[Event "Indywidualne Mistrzostwa Polski Juniorow Mlodszych do 14 lat OOM Podlaskie 2015 "]
[Site "Suwalki"]
[Date "1899-12-30"]
[Round "6.17"]
[White "Golenia, Jan"]
[Black "Banach, Jakub"]
[Result "1-0"]
[WhiteTitle "I"]
[BlackTitle "II"]
[WhiteElo "1725"]
[BlackElo "1392"]

1. c4 e5 2. Nc3 Nf6 3. Nf3 Nc6 4. d3 Be7 5. a3 d6 6. b4 a6 7. Bb2 Bf5 8. g3 O-O
9. Bg2 Qd7 10. O-O h6 11. e3 Nd8 12. Re1 c6 13. Qe2 e4 14. dxe4 Nxe4 15. Rad1
Qc7 16. Nd4 Nxc3 17. Bxc3 Bg6 18. e4 Bf6 19. Qd2 Bh5 20. f3 b5 21. Nf5 Be5 22.
Nxd6 Bxd6 23. Qxd6 Qxd6 24. Rxd6 Rc8 25. g4 Bg6 26. f4 f6 27. c5 Bf7 28. f5 h5
29. g5 fxg5 30. e5 Be8 31. f6 gxf6 32. e6 Nb7 33. e7 Rf7 34. Rxf6 Rxf6 35. Bxf6
g4 36. Be4 Kf7 37. Bf5 Rc7 38. Bh4 Nxc5 39. bxc5 a5 40. Rd1 b4 41. a4 b3 42. Rd8
Rxe7 43. Bxe7 Kxe7 44. Rb8 Bf7 45. Be4 h4 46. Bxc6 g3 47. Be4 Be6 48. c6 Kd6 49.
Rb7 gxh2+ 50. Kxh2 h3 51. Kg3 Ke5 52. Bf3 Kd6 53. Kf2 Bf5 54. Rxb3 Bc2 55. Rc3
Bf5 56. c7 Bc8 57. Kg3 Ke5 58. Rc1 Kd6 59. Bg4 Bxg4 60. Kxg4 h2 61. c8=Q 1-0

[Event "Indywidualne Mistrzostwa Polski Juniorow Mlodszych do 14 lat OOM Podlaskie 2015 "]
[Site "Suwalki"]
[Date "1899-12-30"]
[Round "6.18"]
[White "Gorecki, Mateusz"]
[Black "Modlich, Piotr"]
[Result "0-1"]
[WhiteTitle "II"]
[BlackTitle "II+"]
[WhiteElo "1529"]
[BlackElo "1665"]

1. e4 c5 2. Nf3 d6 3. d4 cxd4 4. Qxd4 Nc6 5. Bb5 Bd7 6. Qd3 Nf6 7. Nc3 g6 8. Bg5
Bg7 9. O-O-O O-O 10. e5 Ng4 11. Qe2 Ngxe5 12. Nxe5 Nxe5 13. f4 Bg4 14. Qe3 Bxd1
15. fxe5 Bg4 16. exd6 Qxd6 17. Bxe7 Qc7 18. Bxf8 Rxf8 19. Re1 Be6 20. g3 Qa5 21.
Bf1 Rc8 22. Kd2 Qh5 23. Be2 Qxh2 24. Qxa7 Bh6+ 25. Kd1 Rd8+ 26. Bd3 Qd2# 0-1

[Event "Indywidualne Mistrzostwa Polski Juniorow Mlodszych do 14 lat OOM Podlaskie 2015 "]
[Site "Suwalki"]
[Date "1899-12-30"]
[Round "6.19"]
[White "Butyrowski, Marcel"]
[Black "Jobda, Rafal"]
[Result "1-0"]
[WhiteTitle "II"]
[BlackTitle "II"]
[WhiteElo "1514"]
[BlackElo "1640"]

1. e4 c6 2. d4 d5 3. Nc3 dxe4 4. Nxe4 Bf5 5. Ng3 Bg6 6. Nf3 Nd7 7. Bd3 Bxd3 8.
Qxd3 e6 9. O-O Ngf6 10. Re1 Be7 11. Be3 Qc7 12. c4 O-O 13. a3 a5 14. Rac1 Rfd8
15. Qe2 c5 16. Red1 cxd4 17. Nxd4 Bc5 18. Nb5 Qc6 19. Bxc5 Nxc5 20. b4 axb4 21.
axb4 Nce4 22. Nxe4 Qxe4 23. Qa2 Kf8 24. Qb3 Ke7 25. Qg3 Qxc4 26. Nd6 Qxb4 27.
Rc7+ Rd7 28. Rxd7+ Nxd7 29. Qxg7 Rf8 30. Qxh7 Nf6 31. Qd3 Nd5 32. Nf5+ Kf6 33.
Ng3 b6 34. Qh7 Qg4 35. f3 Qa4 36. Ne4+ Ke7 37. Qh4+ f6 38. Re1 Rf7 39. Qg3 Qc6
40. Qb8 Qc7 41. Qa8 Nb4 42. Qa3 Qc4 43. Rb1 f5 44. Rxb4 Qd5 45. Rd4+ 1-0

[Event "Indywidualne Mistrzostwa Polski Juniorow Mlodszych do 14 lat OOM Podlaskie 2015 "]
[Site "Suwalki"]
[Date "1899-12-30"]
[Round "6.20"]
[White "Modlich, Kacper"]
[Black "Zolkiewski, Jakub"]
[Result "1-0"]
[WhiteTitle "II+"]
[BlackTitle "II"]
[WhiteElo "1626"]
[BlackElo "1609"]

1. e4 e6 2. d4 d5 3. Nc3 Bb4 4. e5 c5 5. a3 Bxc3+ 6. bxc3 Qc7 7. Bd2 Nc6 8. Qg4
Nge7 9. Nf3 cxd4 10. cxd4 Nf5 11. Bd3 Nce7 12. O-O a5 13. Nh4 Nxh4 14. Qxh4 Nf5
15. Qg5 Qe7 16. Bxf5 Qxg5 17. Bxg5 exf5 18. Rab1 O-O 19. Rb5 Be6 20. Rxb7 Rfc8
21. Rc1 Rc3 22. Be7 Rac8 23. Bc5 Rc4 24. Kf1 Ra8 25. Ke2 h6 26. Kd2 Kh7 27. Rcb1
Kg6 28. Rb8 Rxb8 29. Rxb8 a4 30. c3 Bd7 31. Rb7 Be6 32. Ra7 h5 33. Bb4 Kg5 34.
Rxa4 h4 35. Be7+ Kh5 36. Rxc4 dxc4 37. a4 Bd5 38. g3 g5 39. Ke3 Kg4 40. f4 gxf4+
41. gxf4 h3 42. a5 Bc6 43. a6 Ba8 44. Ba3 Bc6 45. Bc1 Bd5 46. Bd2 Bc6 47. Be1
Ba8 48. d5 Bxd5 49. Bg3 Ba8 50. Kd4 Kf3 51. Kxc4 Ke4 52. Kc5 Kd3 53. c4 Kc3 54.
Kb6 Kxc4 55. Ka7 Bd5 56. Kb8 Kb5 57. a7 Kb6 58. a8=Q Bxa8 59. Kxa8 Kc6 60. Kb8
1-0

[Event "Indywidualne Mistrzostwa Polski Juniorow Mlodszych do 14 lat OOM Podlaskie 2015 "]
[Site "Suwalki"]
[Date "1899-12-30"]
[Round "6.21"]
[White "Stanowski, Mateusz"]
[Black "Gozdzicki, Maciej"]
[Result "1-0"]
[WhiteTitle "II"]
[BlackTitle "II"]
[WhiteElo "1401"]
[BlackElo "1443"]

1. d4 Nf6 2. c4 g6 3. Nc3 Bg7 4. Nf3 d6 5. e3 O-O 6. Be2 Nbd7 7. O-O e5 8. b3 Ne8
9. Bb2 f5 10. dxe5 Nxe5 11. c5 Qf6 12. Nxe5 dxe5 13. Nd5 Qg5 14. f4 exf4 15. exf4
Qd8 16. Bxg7 Nxg7 17. Bc4 Be6 18. Re1 Re8 19. Ne3 Qxd1 20. Raxd1 Bxc4 21. Nxc4
Ne6 22. Rd7 Nxc5 23. Rxe8+ Rxe8 24. Rxc7 Nd3 25. g3 Re1+ 26. Kg2 Re2+ 27. Kg1
Rxa2 28. Rxb7 Nc5 29. Rb5 Ne4 30. Ra5 Rxa5 31. Nxa5 Nc5 32. b4 Ne6 33. Nc6 a6
34. Kf2 Kf7 35. Ke3 Nc7 36. Kd4 Ke6 37. Kc5 Kd7 38. Ne5+ Ke6 39. Kb6 Nd5+ 40.
Ka5 g5 41. Nd3 h6 42. Kxa6 Kd6 43. b5 Nc7+ 44. Ka5 Nd5 45. Nb4 Nf6 46. b6 Nd7
47. Kb5 gxf4 48. gxf4 h5 49. h4 Nf8 50. Na6 Nd7 51. Nc7 Nf6 52. Ka6 Kc6 53. Ne6
Nd7 54. Nd8+ Kd6 55. Nf7+ Kc5 56. b7 Kd5 57. Ne5 Nc5+ 58. Ka7 Nxb7 59. Kxb7 Ke4
60. Ng6 Kd5 61. Kc7 Ke6 62. Kc6 Kf6 63. Ne5 Ke6 64. Kc5 Ke7 65. Kd5 Kf6 66. Kd6
Kg7 67. Ke6 Kh6 68. Kf6 Kh7 69. Kxf5 Kg7 70. Kg5 Kh7 71. f5 Kg7 72. f6+ Kf8 73.
Kg6 Kg8 74. f7+ Kf8 75. Nd7+ Ke7 76. f8=Q+ Kxd7 77. Kf5 Kc6 78. Ke6 Kc7 79. Qc5+
Kd8 80. Qc4 Ke8 81. Qc8# 1-0

[Event "Indywidualne Mistrzostwa Polski Juniorow Mlodszych do 14 lat OOM Podlaskie 2015 "]
[Site "Suwalki"]
[Date "1899-12-30"]
[Round "6.22"]
[White "Mietkiewicz, Jacek"]
[Black "Marciniak, Piotr"]
[Result "0-1"]
[WhiteTitle "II+"]
[BlackTitle "III"]
[WhiteElo "1505"]
[BlackElo "1297"]

1. d4 d5 2. c4 dxc4 3. Nc3 Nf6 4. e4 e6 5. Bxc4 c5 6. d5 exd5 7. Nxd5 Nc6 8. Nf3
Be7 9. O-O O-O 10. Re1 Bg4 11. Qd3 Nxd5 12. exd5 Bxf3 13. Qxf3 Nd4 14. Qd3 Bf6
15. Bf4 a6 16. a4 Qa5 17. Bd2 Qc7 18. Re3 Rab8 19. a5 g6 20. g4 Bg5 21. Rh3 Bxd2
22. Qxd2 Kh8 23. Qh6 f5 24. Qxg6 fxg4 25. d6 Qd7 26. Rh5 Rbe8 27. Bd3 Rf7 28.
Qh6 Ref8 29. Qe3 Qxd6 30. Re1 Nf3+ 31. Kh1 Nxe1 32. Qxe1 Qxd3 0-1

[Event "Indywidualne Mistrzostwa Polski Juniorow Mlodszych do 14 lat OOM Podlaskie 2015 "]
[Site "Suwalki"]
[Date "1899-12-30"]
[Round "6.23"]
[White "Wloch, Mikolaj"]
[Black "Rak, Maciej"]
[Result "1/2-1/2"]
[WhiteTitle "I"]
[BlackTitle "II"]
[WhiteElo "1564"]
[BlackElo "1476"]

1. d4 d5 2. c4 e6 3. Nc3 Nf6 4. Bg5 Be7 5. Nf3 h6 6. Bh4 O-O 7. e3 b6 8. Bd3 Bb7
9. O-O Nbd7 10. Rc1 c5 11. cxd5 exd5 12. h3 Ne4 13. Bxe7 Qxe7 14. Bb1 Rfd8 15.
Qe2 Rac8 16. Rfd1 Kh8 17. a3 Nxc3 18. Rxc3 cxd4 19. Qd3 Nf6 20. Nxd4 Rxc3 21.
Qxc3 Rc8 22. Qd3 g6 23. Nf3 Ne4 24. Qd4+ Kg8 25. Bxe4 Qxe4 26. Qxe4 dxe4 27. Ne5
Rc7 28. Rd7 Rxd7 29. Nxd7 f5 30. Kf1 Ba6+ 31. Ke1 Bb5 32. Nf6+ Kf7 33. Nd5 Bc4
34. Nb4 a5 35. Nc6 Ke6 36. Nd4+ Ke5 37. Nc6+ Kd6 38. Nd4 Ke5 39. g3 g5 40. b3
Ba6 41. Nc6+ Kd6 42. Nd8 Ke7 43. Nc6+ Kd6 44. Nd4 Ke5 45. Nc6+ Kd6 46. Nd4 1/2-1/2

[Event "Indywidualne Mistrzostwa Polski Juniorow Mlodszych do 14 lat OOM Podlaskie 2015 "]
[Site "Suwalki"]
[Date "1899-12-30"]
[Round "7.1"]
[White "Chylewski, Patryk"]
[Black "Gumularz, Szymon"]
[Result "1/2-1/2"]
[WhiteTitle "I++"]
[BlackTitle "I++"]
[WhiteElo "2036"]
[BlackElo "2305"]

1. d4 d5 2. c4 dxc4 3. e3 Nf6 4. Bxc4 e6 5. Nf3 c5 6. O-O a6 7. a3 b5 8. Be2 Bb7
9. dxc5 Bxc5 10. Qxd8+ Kxd8 11. b4 Bd6 12. Bb2 Ke7 13. Nbd2 Nbd7 14. Nd4 Rhc8
15. Rac1 Kd8 16. Rfd1 Rxc1 17. Rxc1 Rc8 18. Rxc8+ Kxc8 19. N4f3 Kd8 20. Bd3 Ke7
21. Kf1 g6 22. Ke2 Ng4 23. Be4 Bxe4 24. Nxe4 f5 25. Ned2 Nge5 26. Nxe5 Bxe5 27.
Bxe5 Nxe5 28. f4 Nd7 29. e4 Kd6 30. Kd3 e5 31. fxe5+ Nxe5+ 32. Kd4 f4 33. Nf3
Nc6+ 34. Kd3 Ne5+ 35. Kd4 Nc6+ 36. Kd3 Ne5+ 37. Kd4 Nc6+ 38. Kd3 Ne5+ 39. Kd4
Nc6+ 40. Kd3 Ne5+ 1/2-1/2

[Event "Indywidualne Mistrzostwa Polski Juniorow Mlodszych do 14 lat OOM Podlaskie 2015 "]
[Site "Suwalki"]
[Date "1899-12-30"]
[Round "7.2"]
[White "Psyk, Radoslaw"]
[Black "Kowalski, Igor"]
[Result "0-1"]
[WhiteTitle "k"]
[BlackTitle "k"]
[WhiteElo "2230"]
[BlackElo "2084"]

1. e4 e6 2. d3 d5 3. Nd2 c5 4. g3 Nc6 5. Ngf3 Nf6 6. Bg2 Be7 7. O-O O-O 8. Re1
Qc7 9. c3 b5 10. Qe2 Bb7 11. e5 Nd7 12. Nf1 a5 13. h4 a4 14. a3 b4 15. Bf4 Ba6
16. Bh3 Rab8 17. Ng5 Bxg5 18. hxg5 bxc3 19. bxc3 Rb3 20. Rec1 Rfb8 21. Nh2 Rb2
22. Rc2 Qb6 23. Rac1 Rxc2 24. Rxc2 Qb3 25. Bf1 Qxa3 26. Bc1 Qa1 27. Ng4 a3 28.
f4 Rb1 0-1